| 000 | 00601nam a22001937a 4500 | ||
|---|---|---|---|
| 005 | 20251108174944.0 | ||
| 008 | 250721s2009 xx 000 0 ara d | ||
| 082 | 1 | 4 | _a926.6177/عيش |
| 100 | 1 |
_aالعيش، سرى سبع _eمؤلف |
|
| 245 | 1 | 0 | _aطب العين في الزمن العربي الإسلامي قراءة في خبيئ التراث / |
| 264 | 1 |
_aعمان : _bالمؤلف، _c2009. |
|
| 300 | _a304ص. | ||
| 650 | 1 | 7 | _aالأطباء |
| 650 | 1 | 7 | _aطلب العيون |
| 650 | 1 | 7 | _aتاريخ العرب |
| 650 | 1 | 7 | _aالمسلمون |
| 942 |
_2ddc _cBK |
||
| 999 |
_c122461 _d122461 |
||